Loading...
History - European History | 0 | 8 | 0 | 3 | 80 | 91 | 121.00 | 3 | 7 |
Fine Arts - Auditory Fine Arts | 0 | 7 | 0 | 0 | 70 | 79 | 123.86 | 1 | 7 |
Science - Physics | 0 | 7 | 2 | 0 | 60 | 72 | 99.57 | 6 | 7 |
Beliefs | 2 | 2 | 1 | 1 | 45 | 10 | 76.75 | 2 | 4 |
History - American History | 0 | 4 | 0 | 1 | 40 | 76 | 98.75 | 1 | 2 |
Science - Biology | 0 | 5 | 2 | 0 | 40 | 84 | 104.60 | 5 | 5 |
Fine Arts - Visual Fine Arts | 0 | 4 | 2 | 1 | 30 | 83 | 102.75 | 2 | 4 |
Other Arts: Auditory | 0 | 3 | 0 | 1 | 30 | 114 | 133.00 | 0 | 2 |
Social Science | 0 | 3 | 1 | 1 | 25 | 94 | 109.33 | 1 | 3 |
Ancient History and Archaeology | 0 | 2 | 0 | 0 | 20 | 105 | 124.00 | 0 | 0 |
Chemistry> | 0 | 2 | 0 | 0 | 20 | 102 | 104.00 | 2 | 2 |
Philosophy | 0 | 2 | 0 | 0 | 20 | 93 | 113.50 | 1 | 2 |
Other Science: Astronomy | 0 | 2 | 0 | 1 | 20 | 88 | 119.00 | 1 | 2 |
Science - Chemistry | 1 | 1 | 2 | 0 | 15 | 49 | 82.00 | 2 | 2 |
Geography | 0 | 2 | 1 | 0 | 15 | 121 | 126.50 | 0 | 1 |
Other Arts: Visual | 0 | 1 | 0 | 0 | 10 | 109 | 109.00 | 1 | 1 |
Other Academic | 0 | 1 | 0 | 0 | 10 | 121 | 121.00 | 0 | 1 |
Other Science: Computer Science | 0 | 1 | 0 | 0 | 10 | 148 | 148.00 | 0 | 1 |
Other Science: Earth Science | 0 | 1 | 0 | 0 | 10 | 86 | 86.00 | 1 | 1 |
Literature - American Literature | 0 | 1 | 0 | 0 | 10 | 129 | 129.00 | 0 | 0 |
History - World History | 0 | 1 | 0 | 0 | 10 | 113 | 113.00 | 1 | 1 |
British and Commonwealth History | 0 | 1 | 0 | 0 | 10 | 103 | 103.00 | 0 | 1 |
Literature - British Literature | 0 | 1 | 1 | 0 | 5 | 143 | 143.00 | 0 | 1 |
World and Other Literature | 0 | 0 | 0 | 0 | 0 | 0.00 | 0 | 0 | |
Current Events | 0 | 0 | 1 | 0 | -5 | 0.00 | 0 | 0 |